Up and out of poverty (Record no. 588775)

000 -LEADER
fixed length control field 00382nam a22001457a 4500
020 ## - INTERNATIONAL STANDARD BOOK NUMBER
International Standard Book Number 9787119105550
082 ## - DEWEY DECIMAL CLASSIFICATION NUMBER
Classification number 335.4345
Author Mark JIN 2016
245 ## - TITLE STATEMENT
Title Up and out of poverty
Statement of responsibility, etc. Xi Jinping
260 ## - PUBLICATION, DISTRIBUTION, ETC.
Place of publication, distribution, etc. Beijing :
Name of publisher, distributor, etc. Foreign language Co. Ltd.,
Date of publication, distribution, etc. 2016.
300 ## - PHYSICAL DESCRIPTION
Extent 223 p. ;
Dimensions 23 cm.
563 ## - BINDING INFORMATION
Binding note PB
942 ## - ADDED ENTRY ELEMENTS (KOHA)
Source of classification or shelving scheme
Koha item type Book
Holdings
Withdrawn status Lost status Source of classification or shelving scheme Damaged status Not for loan Permanent Location Current Location Shelving location Date acquired Total Checkouts Full call number Barcode Date last seen Price effective from Koha item type
          Centre for International Peace & Stability (CIPS) Centre for International Peace & Stability (CIPS) General Stacks 03/16/2022   335.4345 JIN 2016 CIPSD0000654 03/16/2022 03/16/2022 Book
© 2023 Central Library, National University of Sciences and Technology. All Rights Reserved.